000 00419nam a2200169 a 4500
005 20140310183147.0
008 020826s19uu xx 00 eng d
020 _a0804101841
050 _aPZ 4
_b.M478 1988
100 _aMcCaffrey, Hugh
245 _aKhmer gold /
_cHugh McC.
260 _aNew York ;
_bIvy Books,
_c1988.
300 _a305 p. :
_c18 cm.
650 _aFiction
942 _cBK
_2lcc
999 _c19568
_d19568